000 00269nam a22001097a 4500
008 170125b xxu||||| |||| 00| 0 eng d
020 _a9780763729523
041 _aeng
080 _24TH
_a61
245 _aESSENTIAL CONCEPTS FOR HEALTHY LIVING
_cALTERS, S
942 _2udc
_cBK
999 _c3655
_d3655